Leyes del Fuero-Juzgo o Recopilación de las leyes de los wisi-godos españoles : titulada primeramente Liber Judicum, despues Forum Judicum, y ultimamente Fuero-Juzgo (Record no. 154201)

MARC details
000 -LEADER
campo de control de longitud fija 01446nam a2200289 i 4500
001 - NÚMERO DE CONTROL
campo de control 154201
003 - IDENTIFICADOR DE NÚMERO DE CONTROL
campo de control ES-MaACL
005 - FECHA Y HORA DE LA ÚLTIMA TRANSACCIÓN
campo de control 20250809020500.0
008 - DATOS DE LONGITUD FIJA--INFORMACIÓN GENERAL
campo de control de longitud fija 931025s1792 sp |||| | d
040 ## - FUENTE DE CATALOGACIÓN
Centro catalogador/agencia de origen CAM
Lengua de catalogación spa
Centro/agencia transcriptor PAB
130 0# - ENTRADA PRINCIPAL--TÍTULO UNIFORME
Título uniforme Fuero Juzgo.
9 (RLIN) 121670
245 10 - MENCIÓN DEL TÍTULO
Título Leyes del Fuero-Juzgo o Recopilación de las leyes de los wisi-godos españoles : titulada primeramente Liber Judicum, despues Forum Judicum, y ultimamente Fuero-Juzgo
Resto del título . Precede un Discurso preliminar, y una declaración de voces antiquadas /
Mención de responsabilidad, etc. por el Doctor D. Juan Antonio Llorente...
250 ## - MENCION DE EDICION
Mención de edición Segunda edicion del texto castellano, mejor que la primera...
260 ## - PUBLICACIÓN, DISTRIBUCIÓN, ETC.
Lugar de publicación, distribución, etc. En Madrid :
Nombre del editor, distribuidor, etc. por don Isidoro de Hernandez Pacheco,
Fecha de publicación, distribución, etc. 1792.
300 ## - DESCRIPCIÓN FÍSICA
Extensión [6], 84, [2], 297, [6] p. ;
Dimensiones 4º.
530 ## - NOTA DISPONIBLE DE FORMULARIO FÍSICO ADICIONAL
Nota de formato físico adicional disponible Disponible en formato digital.
595 ## -
-- Datos de ed. preceden a explicación de tít.
597 ## - NOTA DE DESCRIPCIÓN FÍSICA
NOTA DE DESCRIPCIÓN FÍSICA Sign.: [ ]7, B-K4, L3, A-Z4, 2A-2P4.
597 ## - NOTA DE DESCRIPCIÓN FÍSICA
NOTA DE DESCRIPCIÓN FÍSICA Antep.
650 #7 - PUNTO DE ACCESO ADICIONAL DE MATERIA--TÉRMINO DE MATERIA
Término de materia o nombre geográfico como elemento de entrada Derecho-
Subdivisión geográfica España
Fuente del encabezamiento o término
9 (RLIN) 141531
651 #7 - PUNTO DE ACCESO ADICIONAL DE MATERIA--NOMBRE GEOGRÁFICO
Nombre geográfico España-
Subdivisión general Historia-
Subdivisión cronológica 0414-0711, Época visigoda
Fuente del encabezamiento o término
9 (RLIN) 162046
700 1# - ENTRADA AGREGADA--NOMBRE PERSONAL
Nombre de persona Llorente, Juan Antonio.
9 (RLIN) 72907
700 1# - ENTRADA AGREGADA--NOMBRE PERSONAL
Nombre de persona Hernández Pacheco, Isidoro.
9 (RLIN) 127902
852 ## - LOCALIZACIÓN
Ubicación ES-MaACL
Número de control de estantería R-260
Nota libre - Enc. pasta
-- . - Ex-ibris man. del Lic. Fernández Prieto, Madrid 11 de febrero de 1794
Encuadernación - Olim: C-3463
856 ## - LOCALIZACIÓN Y ACCESO ELECTRÓNICOS
Identificador Uniforme de Recursos <a href="http://bdh-rd.bne.es/viewer.vm?id=0000045997&page=1 ">http://bdh-rd.bne.es/viewer.vm?id=0000045997&page=1 </a>
Nota pública Biblioteca Digital Hispánica
Holdings
Estatus retirado Estado de pérdida Estado de daño No para préstamo Colección Biblioteca de origen Biblioteca actual Ubicación en estantería Fecha de adquisición Fuente de adquisición Total de préstamos Signatura topográfica completa Código de barras Visto por última vez Precio de reemplazo Tipo de ítem Koha
        Colección digital Biblioteca del Ateneo de Madrid Biblioteca del Ateneo de Madrid Depósito 17/01/2008     R-260 1161241 23/02/2023 23/02/2023 Libro impreso antiguo